| 000 | 00635 a2200205 4500 | ||
|---|---|---|---|
| 020 | _a0133763366 | ||
| 020 | _a9780133763362 | ||
| 082 | 0 | 4 | _a520 |
| 090 |
_c800 _d800 |
||
| 100 | 1 | _aHuebner, Jay S. | |
| 245 | 1 | 0 |
_aBasic astronomy labs / _cJay S. Huebner, Michael D. Reynolds. |
| 250 | _a2nd ed. | ||
| 260 |
_a[S.l.] : _bBenjamin Cummings, _c1996. |
||
| 300 |
_a1 v. (unpaged) ; _c28 cm. |
||
| 490 | 1 | _a2nd edition. | |
| 700 | _aReynolds, Michael | ||
| 830 | _a2nd editi | ||
| 942 |
_aSNS _cBK _k520 HUE |
||
| 999 |
_c29424 _d29424 |
||